| 000 | 00375cam a2200145ua 4500 | ||
|---|---|---|---|
| 041 |
_aeng _h |
||
| 082 |
_a823.308 _bKIN/TA |
||
| 100 | _aKincaid, C.A . | ||
| 245 |
_aTales of the Saints of Pandharpur, part 2 / _cC.A.Kincaid. _hTextual Documents |
||
| 260 |
_aMadrass : _bGeoffrey Cumberlege , _c1950. |
||
| 300 | _a75 ; . | ||
| 504 | _a | ||
| 942 | _cBK | ||
| 999 |
_c992 _d992 |
||